00629nam a2200217Ia 450000500170000000800410001702000180005804000180007604100080009408200190010210000190012124500600014025000120020026000500021230000270026265000270028965000390031665000210035565000190037670000160039520260117101004.0210716s2012 xx 000 0 und d a9780199457069 cAIMIT LIBRARY aeng a651.722bKUMS aKumar, Sanjay. aCommunication skills /bBy Sanjay Kumar and Pushp Lata. a2nd ed. aNew Delhi :bOxford University Press ,c2015. axvi,600p ;c24 cm.bPB aBusiness Communication aDeveloping English Language Skills aListening Skills aReading Skills aLata, Pushp